Normal view
MARC view
- Luong, Howard C.
Entry Personal Name
001 - CONTROL NUMBER
- control field: 83493
003 - CONTROL NUMBER IDENTIFIER
- control field: NUST
005 - DATE AND TIME OF LATEST TRANSACTION
- control field: 20211027155752.0
008 - FIXED-LENGTH DATA ELEMENTS
- fixed length control field: 211027|| aca||aabn | a|a d
040 ## - CATALOGING SOURCE
- Original cataloging agency: NUST
- Transcribing agency: NUST
100 ## - HEADING--PERSONAL NAME
- Personal name: Luong, Howard C.
- Fuller form of name: (Howard Cam)
670 ## - SOURCE DATA FOUND
- Source citation: Work cat.: (NUST)33419: Cheung, Vincent S. L. (Vincent Sin-Luen) 83488, Design of low-voltage CMOS switched-opamp switched-capacitor systems /, c2003.
